000 01113nam a22002417a 4500
003 OSt
005 20210228160855.0
008 210228s2013 sp a|||ar|||| 00| j spa d
020 _a9788499159485
040 _aCO-JMCR
_cCO-JMCR
041 0 _aspa
082 0 4 _aC /
_bGRAd
100 1 _aGrandmontagne, Marcelino,
_eautor
_914054
245 1 0 _aDon contaminación /
_cMarcelino Grandmontagne ; ilustraciones, Laura Ruiz
260 _a[Madrid] :
_bEditorial GEU,
_c2013
300 _a23, [8] páginas :
_bilustraciones a color;
_c21 cm. +
_e1 CD-ROM
490 0 _aCuentos para educar en valores
490 0 _aColección primeros lectores. Leo solo
520 3 _aEsta colección de cuentos está destinada a los primeros lectores. Sus historias son muy divertidas y su gran variedad de actividades, está pensada para mejorar todos los aspectos de la lectura, especialmente la comprensión. Para facilitar la evaluación a padres y profesores, se incluye en cada libro una ficha control.
650 1 4 _aCuentos con valores
_ySiglo XXI
_914061
700 1 _aRuiz, Laura,
_eilustradora
_91683
942 _2ddc
_cBK
999 _c7362
_d7362